000 00526nam a2200181Ia 4500
999 _c29981
_d29981
003 OSt
005 20201228125902.0
008 190216s9999||||xx |||||||||||||| ||und||
020 _a9788188014101
040 _coclc
082 _a894.812301
_bPOY/T
100 _aPoythumkadavu, Shihabuddin
_96426
245 0 _aThala /
_cShihabuddin Poythumkadavu
260 _bLipi Publications,
_c2010.
_aKozhikode:
300 _a102p
650 _aStories
942 _cBK
_2ddc
_h894.812301
_iPOY/T
_k894.812301
_mPOY/T